Código eléctrico nacional : NFPA 70

שמור ב:
מידע ביבליוגרפי
Autores Corporativos: National Fire Protection Association (Estados Unidos). National Electrical Code, Instituto Colombiano de Normas Técnicas y Certificación (Traductor/a)
פורמט: לא ידוע
שפה:Spanish
יצא לאור: Quincy, Massachusetts : National Fire Protection Association, c2009.
נושאים:
תגים: הוספת תג
אין תגיות, היה/י הראשונ/ה לתייג את הרשומה!

MARC

LEADER 00000 a2200000 4500
003 001781
005 20221231143757.0
008 140114s2009 maua 000 ||spa d
040 |c cru CEDI 
082 |a 621.302.18 N277n 
110 |9 999  |a National Fire Protection Association (Estados Unidos). National Electrical Code  
245 |a Código eléctrico nacional : NFPA 70 
246 |a NEC 2008 
260 |c  c2009.  |a Quincy, Massachusetts : National Fire Protection Association, 
300 |a ii, 933, [10] páginas : ilustraciones 
500 |a Título de la cubierta: NEC 2008--Título original: National Electrical Code 
501 |a NFPA 70 
650 |x INGENIERIA ELECTRICA - MEDIDAS DE SEGURIDAD   |x INGENIERIA ELECTRICA - NORMAS   |x INCENDIOS - PREVENCION - ESTADOS UNIDOS   |x INSTALACIONES ELECTRICAS - EQUIPO ELECTRICO  |9 19464 
710 |9 1000  |a Instituto Colombiano de Normas Técnicas y Certificación (Traductor/a) 
942 |2 ddc  |c BK 
999 |c 11801  |d 11801